Human rights: acts, statutes and constitutional provisions (Record no. 2794)
[ view plain ]
| 000 -LEADER | |
|---|---|
| fixed length control field | 00500nam a2200181Ia 4500 |
| 020 ## - INTERNATIONAL STANDARD BOOK NUMBER | |
| ISBN | 81-7835-098-X |
| 082 ## - DEWEY DECIMAL CLASSIFICATION NUMBER | |
| Classification number | 341.4810954 GUP-; |
| 100 ## - MAIN ENTRY--AUTHOR NAME | |
| Personal name | Gupta, D.N. |
| 245 #0 - TITLE STATEMENT | |
| Title | Human rights: acts, statutes and constitutional provisions |
| 260 ## - PUBLICATION, DISTRIBUTION, ETC. (IMPRINT) | |
| Place of publication | Delhi |
| Name of publisher | Kalpaz Publications |
| 650 ## - SUBJECT ADDED ENTRY--TOPICAL TERM | |
| Topical Term | Law - India |
| 650 ## - SUBJECT ADDED ENTRY--TOPICAL TERM | |
| Topical Term | Criminals law - India |
| 650 ## - SUBJECT ADDED ENTRY--TOPICAL TERM | |
| Topical Term | Civil rights - India |
| 650 ## - SUBJECT ADDED ENTRY--TOPICAL TERM | |
| Topical Term | Constitutional law - India |
| 650 ## - SUBJECT ADDED ENTRY--TOPICAL TERM | |
| Topical Term | Human rights - India |
| 700 ## - ADDED ENTRY--PERSONAL NAME | |
| Personal name | Singh, Chandrachur |
| 942 ## - ADDED ENTRY ELEMENTS (KOHA) | |
| Koha item type | Books |
| Withdrawn status | Lost status | Damaged status | Not for loan | Home library | Current library | Date acquired | Bill Date | Full call number | Accession Number | Price effective from | Koha item type |
|---|---|---|---|---|---|---|---|---|---|---|---|
| NASSDOC Library | NASSDOC Library | 08/06/2004 | 2004-10-05 | 341.4810954 GUP-; | 38619 | 18/04/2019 | Books | ||||
| NASSDOC Library | NASSDOC Library | 08/06/2004 | 2004-10-05 | 341.4810954 GUP-; | 38620 | 18/04/2019 | Books |
